Cartas a una amiga veneciana / (Record no. 10602)

MARC details
000 -LEADER
campo de control de longitud fija 00819nam a2200253 i 4500
001 - NÚMERO DE CONTROL
campo de control 10602
003 - IDENTIFICADOR DE NÚMERO DE CONTROL
campo de control ES-MaACL
005 - FECHA Y HORA DE LA ÚLTIMA TRANSACCIÓN
campo de control 20260426162624.0
007 - CAMPO FIJO DE DESCRIPCIÓN FÍSICA--INFORMACIÓN GENERAL
campo de control de longitud fija t|
008 - DATOS DE LONGITUD FIJA--INFORMACIÓN GENERAL
campo de control de longitud fija 940209s1993 sp |||| |dspa j
020 ## - NÚMERO INTERNACIONAL ESTÁNDAR DEL LIBRO
Número Internacional Estándar del Libro 84-7517-350-0
080 ## - NÚMERO DE LA CLASIFICACIÓN DECIMAL UNIVERSAL
Número de la Clasificación Decimal Universal 929 Rilke, Rainer Maria
080 ## - NÚMERO DE LA CLASIFICACIÓN DECIMAL UNIVERSAL
Número de la Clasificación Decimal Universal 821.133.1-6"19"
100 1# - ENTRADA PRINCIPAL--NOMBRE DE PERSONA
Nombre de persona Rilke, Rainer Maria,
Fechas asociadas al nombre 1875-1926
9 (RLIN) 97230
245 10 - MENCIÓN DEL TÍTULO
Título Cartas a una amiga veneciana /
Mención de responsabilidad, etc. Rainer Maria Rilke ; traducción y prólogo de Jorge Gimeno.
260 ## - PUBLICACIÓN, DISTRIBUCIÓN, ETC.
Lugar de publicación, distribución, etc. Madrid :
Nombre del editor, distribuidor, etc. Hiperión,
Fecha de publicación, distribución, etc. [1993]
300 ## - DESCRIPCIÓN FÍSICA
Extensión 88 p ;
Dimensiones 20 cm.
490 1# - MENCIÓN DE SERIE
Mención de serie Libros Hiperión ;
Designación de volumen o secuencia 142
600 14 - PUNTO DE ACCESO ADICIONAL DE MATERIA--NOMBRE DE PERSONA
Nombre de persona Rilke, Rainer Maria,
Fechas asociadas al nombre 1875-1926-
Subdivisión de forma Correspondencia
9 (RLIN) 97231
700 1# - ENTRADA AGREGADA--NOMBRE PERSONAL
Nombre de persona Gimeno, Jorge.
9 (RLIN) 57080
830 00 - PUNTO DE ACCESO ADICIONAL DE SERIE-TÍTULO UNIFORME
Título uniforme Libros Hiperión
Designación de volumen o secuencia 142
9 (RLIN) 178016
852 ## - LOCALIZACIÓN
Ubicación ES-MaACL
Número de control de estantería L-17987
Holdings
Estatus retirado Estado de pérdida Estado de daño No para préstamo Biblioteca de origen Biblioteca actual Ubicación en estantería Fecha de adquisición Fuente de adquisición Total de préstamos Signatura topográfica completa Código de barras Visto por última vez Precio de reemplazo Tipo de ítem Koha
        Biblioteca del Ateneo de Madrid Biblioteca del Ateneo de Madrid Depósito 2 17/01/2008     L-17987 1010814 23/02/2023 23/02/2023 Libro impreso